| 000 | 00638nam a22001577a 4500 | ||
|---|---|---|---|
| 005 | 20110814145117.0 | ||
| 008 | 110814t xxu||||g |||| 000 0 ara d | ||
| 082 |
_222 _a333.7 _bط ا ه |
||
| 245 |
_aمستقبل المياه فى العالم العربى/ _cحمدى الطاهرى |
||
| 260 |
_a[د.م]، _b[د.ن]،[1991] _c[1991]. |
||
| 300 |
_a400ص، _c24سم. |
||
| 650 |
_926679 _a الموارد الطبيعية _x _zالدول العربية |
||
| 653 |
_bGeneral _cAugust2011 |
||
| 942 |
_2ddc _cARCH |
||
| 999 |
_c15818 _d15818 |
||